000 00734cam a2200229 a 4500
005 20260701150000.0
010 _aENG-148943
020 _a9788185586090
_c200.00
035 _aEN-132475
037 _bDBAD
082 _21
_aS
245 _aKatha क Prize Stories/
_cEdited By Geeta Dharmarajan
250 _a1
260 _aNew Delhi
_bKatha
_c1992
270 _aA3 Sarvodaya Enclave Sri Aurobindo Marg,
_bNew Delhi
_e110017
_k26524350
_l26514373
_mkathavilasam@katha.org
300 _a284p.
_c22cm(pb0
490 _v2
650 _aShort stories, Indic
_xTranslations into English.
650 _aIndic fiction
_y20th century
_xTranslations into English.
700 _aDharmarajan, Geeta
_eEditor
942 _2ddc
_cEN
_mKAT
_hS
999 _c216817
_d216817